Histoire de la philosophie chrétienne / (Record no. 163570)

MARC details
000 -LEADER
campo de control de longitud fija 00790nam a22001935i 4500
001 - NÚMERO DE CONTROL
campo de control 163570
003 - IDENTIFICADOR DE NÚMERO DE CONTROL
campo de control ES-MaACL
005 - FECHA Y HORA DE LA ÚLTIMA TRANSACCIÓN
campo de control 20250804044108.0
008 - DATOS DE LONGITUD FIJA--INFORMACIÓN GENERAL
campo de control de longitud fija 980904s1844 fr |||| | fre d
040 ## - FUENTE DE CATALOGACIÓN
Centro catalogador/agencia de origen CAM
Lengua de catalogación spa
Centro/agencia transcriptor CAM
100 1# - ENTRADA PRINCIPAL--NOMBRE DE PERSONA
Nombre de persona Ritter, Heinrich.
9 (RLIN) 131840
245 10 - MENCIÓN DEL TÍTULO
Título Histoire de la philosophie chrétienne /
Mención de responsabilidad, etc. par Henri Ritter ; traduite de l'allemand et précédée d'un mot sur la relation de la croyance avec la science par J. Trullard.
260 ## - PUBLICACIÓN, DISTRIBUCIÓN, ETC.
Lugar de publicación, distribución, etc. Paris :
Nombre del editor, distribuidor, etc. Librairie Philosophique de Ladrange,
Fecha de publicación, distribución, etc. 1844 (
Fabricante Bourgogne et Martinet)
300 ## - DESCRIPCIÓN FÍSICA
Extensión 2 v. (XXXIX, 512 ; 583 p.) ;
Dimensiones 22 cm.
650 07 - PUNTO DE ACCESO ADICIONAL DE MATERIA--TÉRMINO DE MATERIA
Término de materia o nombre geográfico como elemento de entrada Filosofía cristiana
Fuente del encabezamiento o término embne
9 (RLIN) 12834
700 1# - ENTRADA AGREGADA--NOMBRE PERSONAL
Nombre de persona Trullard, Jacques,
Fechas asociadas al nombre 1815-1887
9 (RLIN) 133400
852 ## - LOCALIZACIÓN
Ubicación ES-MaACL
Número de control de estantería F-10665-66
Nota libre -- Enc. hol.
Holdings
Estatus retirado Estado de pérdida Estado de daño No para préstamo Colección Biblioteca de origen Biblioteca actual Ubicación en estantería Fecha de adquisición Total de préstamos Signatura topográfica completa Código de barras Visto por última vez Precio de reemplazo Tipo de ítem Koha
        Libros del s. XIX Biblioteca del Ateneo de Madrid Biblioteca del Ateneo de Madrid Sala Pecera Planta 2 17/01/2008   F-10665-66 1171406 23/02/2023 23/02/2023 Libro impreso antiguo